Once Upon A time Musical episode Soundtrack - Statistics

General Stats
  • This quiz has been taken 88 times
  • The average score is 6 of 8
Answer Stats
who sings Answer % Correct
Rebecca Mader Wicked Always Wins
89%
Colin O'Donoghue Revenge Is Gonna Be Mine
87%
lana parilla Love Doesn't Stand a Chance
83%
Ginnifer Goodwin, Josh Dallas Powerful Magic
83%
Jennifer Morrison Emma's Theme
74%
Jennifer Morrison, Colin O' Donoghue & cast A Happy Beginning
69%
Lana Parilla The Queen Sings
43%
Ginnifer Goodwin, Josh Dallas Charmings vs. Evil Queen
30%
No matching quizzes found
Score Distribution
Percent of People with Each Score
Percentile by Number Answered
Your Score History
You have not taken this quiz